00499 2200181 4500001002100000005001500021035002000036008004100056245005200097100002100149260004700170300001900217020002200236084001800258082000800276650001300284990002000297INLIS00000000000792820260424031135 a0010-0426000116260424 0 ind 1 aSetiap Langkah Membawa Makna /cZaenal Soedjais aSoedjais, Zaenal aJakarta :bPT Elex Media Komputindo,c2012 a444 ;c21 x 14 a978-602-00-1870-6 a920 SOE S C.1 a920 4aBiografi a260311200011268